|
|
|
|
| LEADER |
00000nam0a2200000 4500 |
| 001 |
324099 |
| 005 |
20231102003633.0 |
| 035 |
|
|
|a (RuTPU)RU\TPU\book\349688
|
| 090 |
|
|
|a 324099
|
| 100 |
|
|
|a 20161107d1951 km y0rusy50 ca
|
| 101 |
0 |
|
|a rus
|
| 102 |
|
|
|a RU
|
| 105 |
|
|
|a a z 001zy
|
| 200 |
1 |
|
|a Химически стойкие полы (материалы и конструкции)
|f П. Н. Григорьев, И. М. Дороненков
|
| 210 |
|
|
|a Москва
|a Ленинград
|c Госхимиздат
|d 1951
|
| 215 |
|
|
|a 168 с.
|c ил.
|
| 320 |
|
|
|a Библиогр.: с. 168
|
| 606 |
1 |
|
|a Полы химически стойкие
|2 stltpush
|3 (RuTPU)RU\TPU\subj\50783
|9 69432
|
| 610 |
1 |
|
|a материалы
|
| 610 |
1 |
|
|a конструкции
|
| 610 |
1 |
|
|a щелочи
|
| 610 |
1 |
|
|a устойчивость
|
| 610 |
1 |
|
|a конструирование
|
| 610 |
1 |
|
|a устройство
|
| 610 |
1 |
|
|a эксплуатация
|
| 610 |
1 |
|
|a кислоты
|
| 610 |
1 |
|
|a кислотоустойчивость
|
| 610 |
1 |
|
|a составы
|
| 610 |
1 |
|
|a антикоррозионные замазки
|
| 675 |
|
|
|a 692.53
|v 4
|
| 700 |
|
1 |
|a Григорьев
|b П. Н.
|
| 701 |
|
1 |
|a Дороненков
|b И. М.
|
| 801 |
|
1 |
|a RU
|b 63413507
|c 20161107
|
| 801 |
|
2 |
|a RU
|b 63413507
|c 20200219
|g RCR
|
| 942 |
|
|
|c BK
|